000 00453nab a2200145Ia 4500
003 ES-SlBCS
005 20210601134620.0
008 140529s1982 xxu||||| |||| 00| 0 spa d
041 _aspa
100 1 _aMartínez, Miguel
_9220343
245 0 0 _aLa intención como clave metodológica para la comprensión del hombre
_c Miguel Martínez
650 0 4 _aIntención
_9131554
773 0 _tAnthropos
_gvol. 3, nº. 4, 1982, págs. 100-107
_wRev38
942 _cAR
999 _c615318
_d615318